000 00331nam a2200121Ia 4500
005 20260328104245.0
008 260328s9999||||xx |||||||||||||| ||und||
100 _aHitchcock, Henry-Russell
245 0 _aBuilt in USA :
_b Post-War Architecture /
_cHenry-Russell Hitchcock
300 _a128 p.
650 _aARQUITECTURA
942 _cBK
999 _c10045
_d10045